• 首页
  • 本馆介绍
  • 公告通知
  • 最新文献
  • 馆藏检索
  • 电子资源
  • 读者导购
  • 参考咨询
  • 我的图书馆
  • 登录
  • 详细信息显示
  • 放入我的书架
  • 预约/预借图书
  • 作者相关作品
  • 分类相关作品
  • 丛书相关作品
  • 出版社相关作品

书目信息

  • 表格格式
  • 工作单格式
  • 卡片格式
题名:
国情教育读本
    
 
作者: ;国家教委基础教育司 , 中共北京市委宣传部 编
分册:  
出版信息: 长春   东北师范大学出版社  1992
页数: 153页
开本: 20cm
丛书名:
单 册:
中图分类: D647
科图分类:
主题词: 政治--中国
电子资源:
ISBN: 7-5602-0783-9
000 00746nam0 2200205 450
001 0754107563
005 20070926150247.48
010    @a7-5602-0783-9@dCNY1.90
100    @a20070926d1992 km y0chiy0120 ea
101 0  @achi
102    @aCN@b220000
200 1  @a国情教育读本@Aguo qing jiao yu du ben@f国家教委基础教育司,中共北京市委宣传部编@Fguo jia jiao wei ji chu jiao yu si,zhong gong bei jing shi wei xuan chuan bu bian
210    @a长春@c东北师范大学出版社@d1992
215    @a153页@d20cm
606 0  @a政治@x中国
690    @aD647@v3
711 02 @a国家教委基础教育司@Aguo jia jiao wei ji chu jiao yu si@4编
711 02 @a中共北京市委宣传部@Azhong gong bei jing shi wei xuan chuan bu@4编
801  0 @aCN@bPFT@c20070926
905    @a10447@dD647@e158
    
    国情教育读本/国家教委基础教育司,中共北京市委宣传部编.-长春:东北师范大学出版社,1992
    153页;20cm
    
    
    ISBN 7-5602-0783-9:CNY1.90
    
●
相关链接 在E读中查询图书 在五车中查询图书 在当当中查询图书 在豆瓣中查询图书


正题名:国情教育读本     索取号:D647/158         预约/预借

序号 登录号 条形码 馆藏地/架位号 状态 备注
1 0609672   206096721   第一样本阅览室/ [索取号:D647/158] 在馆    
唐山师范学院图书馆 欢迎您!
大连网信软件有限公司© 版权所有